Angel Pascual Rodrigo (Record no. 3468)

MARC details
000 - LÍDER
campo de control de longitud fija 00952nam a2200205Ia 4500
008 - ELEMENTOS DE DATOS DE LONGITUD FIJA - INFORMACIÓN GENERAL
campo de control de longitud fija 0000001997 sp a 0000000000spa00
090 ## - NÚMERO DE LLAMADA DE TIPO LC LOCALMENTE ASIGNADO (OCLC)
Número de clasificación (OCLC) (R) PSP00 R62a
100 1# - ENTRADA PRINCIPAL - NOMBRE PERSONAL
Nombre de la persona Rodrigo, Angel Pascual
Fechas asociadas a un nombre 1951
245 13 - TÍTULO DECLARACIÓN
Título Angel Pascual Rodrigo
Resto del título : entre sueños pasajeros, pinturas
Declaración de responsabilidad / textos Angel Pascual Rodrigo ; fotografías Juan Ramón Bonet, Elvira Ascaso, Angel P.R.
260 ## - PUBLICACIÓN, DISTRIBUCIÓN
Lugar de publicación Madrid : Centro de Arte Afinsa
Fecha de publicación 1997
300 ## - DESCRIPCIÓN FÍSICA
Alcance 24 p.
Dimensiones / 26 cm.
500 ## - NOTA GENERAL
Nota general Exposición realizada en el Centro de Arte Afinsa, Madrid, FebreroMarzo, 1997 \ Con el patronazgo del maestro venezolano Jesús Rafael Soto (q.e.p.d.) \ Registro auspiciado por el IDCT. Bogotá
600 00 - ENTRADA DE SUJETO AÑADIDO - NOMBRE PERSONAL
Nombre de la persona RODRIGO, ANGEL PASCUAL, 1951 /
Subdivisión general TRABAJOS PICTORICOS
650 14 - ENTRADA DE SUJETO AÑADIDO - TÉRMINO TÓPICO
Término tópico o elemento de entrada del nombre geográfico ARTE CONTEMPORANEO ESPAÑOL
650 14 - ENTRADA DE SUJETO AÑADIDO - TÉRMINO TÓPICO
Subdivisión general CATALOGOS
650 14 - ENTRADA DE SUJETO AÑADIDO - TÉRMINO TÓPICO
Subdivisión general EXPOSICIONES
650 14 - ENTRADA DE SUJETO AÑADIDO - TÉRMINO TÓPICO
Término tópico o elemento de entrada del nombre geográfico PINTORES ESPAÑOLES
650 14 - ENTRADA DE SUJETO AÑADIDO - TÉRMINO TÓPICO
Término tópico o elemento de entrada del nombre geográfico PINTURA ESPAÑOLA
700 1# - ENTRADA AGREGADA - NOMBRE PERSONAL
Nombre de la persona Bonet, Juan Ramón \ Ascaso, Elvira
Holdings
Estado de retirada Pérdida de estatus Estado dañado No para préstamo Código de recogida Ubicación permanente Ubicación actual Ubicación de las estanterías Fecha de adquisición Número de llamada completo Código de barras Fecha de la última vez que se vio Número de copia Precio efectivo desde Tipo de artículo Koha
        General ArtNexus ArtNexus General 06/09/2022 P-SP-00 R62A 3471 06/09/2022 Ej.1 06/09/2022 Libro

Powered by Koha